Izquierdas e izquierdas otras: entre el proyecto de la izquierda eurocéntrica y el proyecto transmoderno de la nuevas izquierda descoloniales /
Enregistré dans:
| Auteur principal: | |
|---|---|
| Format: | Texte |
| Sujets: | |
| Tags: |
Ajouter un tag
Pas de tags, Soyez le premier à ajouter un tag!
|
MARC
| LEADER | 00000 a a2200000 04500 | ||
|---|---|---|---|
| 001 | 41508 | ||
| 003 | |||
| 040 | |||
| 100 | |a Grosfoguel, Ramón | ||
| 245 | |a Izquierdas e izquierdas otras: |b entre el proyecto de la izquierda eurocéntrica y el proyecto transmoderno de la nuevas izquierda descoloniales / |c Ramón Grosfoguel | ||
| 650 | |a Proyectos de Izquierda | ||
| 650 | |a Eurocéntrica | ||
| 773 | |g número11 (2009) | ||
| 999 | |c 25070 |d 25070 | ||
